000 00579nam a2200217Ia 4500
003 OSt
005 20241007053123.0
008 240925s9999 xx 000 0 und d
020 _a8131705064
040 _csd
082 _a621.382 COL
100 _aCole, Marion
245 0 _aIntroduction to Telecommunication: voice, data and the internet
250 _a2nd
260 _aNew Delhi:
_bPearson Education
_c,2008.
300 _axiii,737p.
_bNA
_fPhotocopy
500 _aIncludes Index
600 _aTelecommunication Engineering
650 _aTechnology
942 _cBK
_2ddc
999 _c9878
_d9878